MARC

Tag First Indicator Second Indicator Subfields
LEADER 00000cam a22000001a 4500
001 in00002828713
005 20190331172411.0
006 m o d
007 cr bn mmmapmmp
008 110620s1977 dcu o f000 0 eng d
035 |a cis2004612950 
040 |a ProQuest  |c ProQuest  |d UtOrBLW 
043 |a n-us--- 
099 |a ProQuest Serial Set Number 13172-1 H.rp.22 
110 1 |a United States.  |b Congress.  |b House.  |b Committee on Appropriations. 
245 1 0 |a Budget Rescission Bill, FY77. 
264 1 |a Washington :  |b [publisher not identified],  |c 1977. 
300 |a 1 online resource. 
336 |a text  |b txt  |2 rdacontent 
337 |a computer  |b c  |2 rdamedia 
338 |a online resource  |b cr  |2 rdacarrier 
490 0 |a H. Rpt. 95-22 
500 |a Record is based on bibliographic data in ProQuest U.S. Serial Set Digital Collection (last viewed June 2011). Reuse except for individual research requires license from ProQuest, LLC. 
510 3 |a ProQuest U.S. Serial Set Digital Collection 
500 |a Electronic resource. 
610 1 0 |a United States.  |b Bureau of Mines. 
650 0 |a Executive impoundment of appropriated funds. 
655 7 |a Electronic books.  |2 local 
710 2 |a ProQuest (Firm) 
830 0 |a United States congressional serial set. 
856 4 0 |u http://proxy.library.tamu.edu/login?url=http://congressional.proquest.com/congcomp/getdoc?SERIAL-SET-ID=13172-1+H.rp.22  |z Connect to the full text of this electronic book  |t 0 
999 |a MARS 
999 f f |s 7eb6a3a7-f15c-35b7-bea1-5b565fc4d571  |i d25f9821-e415-39f6-b9ca-b4b34f292d04  |t 0 
952 f f |a Texas A&M University  |b College Station  |c Electronic Resources  |d Available Online  |t 0  |e ProQuest Serial Set Number 13172-1 H.rp.22  |h Other scheme 
998 f f |a ProQuest Serial Set Number 13172-1 H.rp.22  |t 0  |l Available Online